|
|
|
|
| LEADER |
00000nta a2200000 i 4500 |
| 001 |
dolg42623 |
| 005 |
20230117095639.0 |
| 008 |
230117s2014 hu om 000 hun d |
| 040 |
|
|
|a BGE Dolgozattár Repozitórium
|b hun
|
| 041 |
|
|
|a hu
|
| 100 |
1 |
|
|a Fazekas Dávid
|
| 245 |
1 |
3 |
|a Az EU és Vietnam gazdasági és kereskedelmi kapcsolatai, különös tekintettel a magyar-vietnami kapcsolatokra
|c Fazekas Dávid
|h [elektronikus dokumentum]
|
| 260 |
|
|
|c 2014
|
| 695 |
|
|
|a Gazdasági kapcsolatok
|
| 695 |
|
|
|a Kereskedelmi kapcsolatok
|
| 700 |
1 |
|
|a Nincs adat Nincs adat
|e ths
|
| 856 |
4 |
0 |
|u http://dolgozattar.uni-bge.hu/42623/1/D_16919_CEQ5JS%20-%20Fazekas%20D%C3%A1vid.pdf
|z Dokumentum-elérés
|